000 00474nam a2200133Ia 4500
008 181023s9999 xx 000 0 und d
020 _a9781119351979
100 _aGordon, Jon.
245 _cJon Gordon.--
_aThe Power of positive leadership :
_bhow and why positive leaders transform teams and organizations and change the world /
260 _aNew Jersey :
_bJohn Wiley & Sons
_c2017
300 _aix, 198 pages.
650 _aLeadership.
650 _aOrganizational change.
999 _c359360
_d359360